| LEADER 00000nam 2200000uu 4500 |
| 001 212679 |
| 003 ULIBM |
| 008 020711s2562 th a 000 0 tha d |
| 041 ^atha
|
| 060 4 อ WY1 ว585ท 2562
|
| 245 ที่ระลึกเนื่องในโอกาส สมเด็จพระกนิษฐาธิราชเจ้า กรมสมเด็จพระเทพรัตนราชสุดาฯ สยามบรมราชกุมารี :^bเสด็จพระราชดำเนินในพิธีเปิดป้ายวิทยาลัยพยาบาลบรมราชชนนี แพร่ วันที่ 13 พฤษภาคม พุทธศักราช 2562/^cวิทยาลัยพยาบาลบรมราชชนนี แพร่
|
| 260 แพร่ :^bวิทยาลัยพยาบาลบรมราชชนนี แพร่,^c2562
|
| 300 96 หน้า :^bภาพประกอบ ;^c27 ซม.
|
| 650 4 ^aวิทยาลัยพยาบาลบรมราชชนนี แพร่^xประวัติ
|
| 710 2 ^aวิทยาลัยพยาบาลบรมราชชนนี แพร่
|
| 999 ^aใช้งานได้ทุกระบบ
|